|
|
|
|
| LEADER |
00000cam a2200000 a 4500 |
| 001 |
1/109210 |
| 008 |
151022s2015####gr | ||| |||| ||gre|| |
| 020 |
|
|
|a 9789963255337
|
| 040 |
|
|
|a GR-MyUa
|b gre
|c GR-MyUa
|e AACR2
|
| 041 |
0 |
|
|a gre
|
| 082 |
7 |
|
|a 889.3
|2 (23)
|
| 100 |
1 |
|
|a Σαββίδου, Μόνα.
|
| 245 |
1 |
0 |
|a Οδός Κουμανδαρίας :
|b διηγήματα /
|c Μόνα Σαββιδου-Θεοδούλου.
|
| 260 |
|
|
|a Λεμεσός :
|b Αρμίδα,
|c 2015.
|
| 300 |
|
|
|a 103 σ. ;
|c 21 εκ.
|
| 650 |
|
0 |
|a Greek literature, Modern
|z Cyprus.
|
| 650 |
|
0 |
|a Short stories, Greek (Modern)
|
| 852 |
|
|
|a INST
|b RHODES
|e 20151022
|h 889. 3 ΣΑΒ
|p 005400038082
|q 005400038082
|t BK
|y 0
|
| 970 |
|
|
|z 22-10-2015
|